000 00336nam a22001697a 4500
003 UA-OsUOA
001 5605
007 ta
008 20050721b un ||||| |||| 00| 0 ukr d
100 _aWilder
700 _aThornton
942 _cBK
040 _aUA-OsUOA
_cUA-OsUOA
_dUA-OsUOA
245 _aOur Town.
955 _a2
650 7 _2UDC
999 _c291767
_d291767